| 000 | 00530nam a2200205Ia 4500 | ||
|---|---|---|---|
| 005 | 20230619094025.0 | ||
| 008 | 131103s9999 xx 000 0 und d | ||
| 040 | _aLoreto College | ||
| 041 | _aEnglish | ||
| 082 |
_a940.53 _bPOW |
||
| 100 | _aPowell,Michael | ||
| 245 |
_aGraf spee _cMichael Powell |
||
| 260 |
_aLondon _bHodder and Stoughton _c1956 |
||
| 300 | _a224 p. | ||
| 630 | _aEurope - Modern History,1939 - 45 | ||
| 650 | _aModern History - 1939 - 45 | ||
| 651 | _aWorld War II | ||
| 850 | _aLCLIB | ||
| 942 | _cBK | ||
| 999 |
_c4109 _d54588 |
||